00369nam a2200097Ia 4500008004100000050002500041245012100066260002700187300001500214650004200229151021s9999 xx 000 0 und d aLC 3988 .K4K57 2002  a_Special Needs Education Distance Learning module 4 Introduction to Education Resources Part 1 (Theory) / Ben Hiuhu  aNairobi : KISE , 2002  aix,128 p.  a_Categories of Educational Resources